000 00426nam a22001697a 4500
003 MPLRDC
005 20220104124408.0
008 210129b ||||| |||| 00| 0 eng d
082 _a539.52 HO-5
100 _a不详
245 _a蒙古族民间故事
_c
260 _a
_b海鸥出版公司
_c1977
300 _b
490 _a中国民间文学丛书
650 _a中国民族民间故事
942 _cBK
_o539.52 HO-5
999 _c18993
_d18983